Soil-machine interactions / (Record no. 11198)
[ view plain ]
| 000 -LEADER | |
|---|---|
| fixed length control field | 00481cam a2200193ua 4500 |
| 020 ## - INTERNATIONAL STANDARD BOOK NUMBER | |
| ISBN | 0-8247-0145-3 |
| 041 ## - LANGUAGE CODE | |
| Language code of text/sound track or separate title | eng |
| 082 ## - DEWEY DECIMAL CLASSIFICATION NUMBER | |
| Classification number | 624.15136 |
| Item number | SHE/SO |
| 100 ## - MAIN ENTRY--AUTHOR NAME | |
| Personal name | Jie, Shen . |
| 245 ## - TITLE STATEMENT | |
| Title | Soil-machine interactions / |
| 250 ## - EDITION STATEMENT | |
| Edition statement | 1 / |
| 260 ## - PUBLICATION, DISTRIBUTION, ETC. (IMPRINT) | |
| Place of publication | New York : |
| Name of publisher | Marcel Dekker Inc. , |
| Year of publication | 1998. |
| 300 ## - PHYSICAL DESCRIPTION | |
| Number of Pages | 333 ; . |
| 500 ## - GENERAL NOTE | |
| General note | **Reference |
| 700 1# - ADDED ENTRY--PERSONAL NAME | |
| Personal name | Radhey Lal, Kushwaha . |
| 942 ## - ADDED ENTRY ELEMENTS (KOHA) | |
| Koha item type | Books |
| Withdrawn status | Lost status | Damaged status | Home library | Current library | Date acquired | Full call number | Accession Number | Koha item type |
|---|---|---|---|---|---|---|---|---|
| KAUAET | KAUAET | 07/04/2012 | 624.15136 | 20801 | Reference |
